Contratos civiles / (Registro nro. 29158)

Detalles MARC
000 -LEADER
fixed length control field 02147nam a2200253Ia 4500
003 - CONTROL NUMBER IDENTIFIER
control field CO-CtgCURN
005 - DATE AND TIME OF LATEST TRANSACTION
control field 20250408223017.0
008 - FIXED-LENGTH DATA ELEMENTS--GENERAL INFORMATION
fixed length control field 190723s9999 xx 000 0 und d
020 ## - INTERNATIONAL STANDARD BOOK NUMBER
International Standard Book Number 9586761428
040 ## - CATALOGING SOURCE
Original cataloging agency CO-CtgCURN
Language of cataloging spa
Transcribing agency coctgcurn
082 ## - DEWEY DECIMAL CLASSIFICATION NUMBER
Classification number 346.02
Item number C268c
100 ## - MAIN ENTRY--PERSONAL NAME
Personal name Cardona Hernández, Guillermo
Relator term autor
9 (RLIN) 8145
245 #0 - TITLE STATEMENT
Title Contratos civiles /
Statement of responsibility, etc. Guillermo Cardona Hernández
250 ## - EDITION STATEMENT
Edition statement 3 edición
260 ## - PUBLICATION, DISTRIBUTION, ETC.
Place of publication, distribution, etc. Bogotá, Colombia :
Name of publisher, distributor, etc. Ediciones Doctrina y Ley,
Date of publication, distribution, etc. 2001
300 ## - PHYSICAL DESCRIPTION
Extent 299 páginas ;
Dimensions 23 centímetros.
505 ## - FORMATTED CONTENTS NOTE
Formatted contents note Cap.1. Del contrato como acto jurídico y fuente de obligaciones -- Cap.2. El contrato de compraventa -- Cap.3. Forma y requisitos del contrato de compraventa -- Cap.4. De la cosa venida -- Cap.5. De las obligaciones del vendedor y primeramente de la obligación de entregar -- Cap.6. Obligaciones del comprador -- Cap.7. Pactos accesorios de la compraventa -- Cap.8. De la rescisión de la venta por lesión enorme -- Cap.9. La permuta -- Cap.10. De la cesión de derechos -- Cap.11. Del contrato de arrendamiento -- Cap.12. Obligaciones del arrendador en el arrendamiento de cosas -- Cap.13. Obligaciones del arrendatario en el arrendamiento de cosas -- Cap.14. Causas de la expiración del arrendamiento de cosas -- Cap.15. Arrendamiento de inmuebles destinados a vivienda urbana -- Cap.16. Arrendamiento en materia comercial -- Cap.17. Arrendamiento de predios rurales y recopilación de disposiciones sobre el contrato de arrendamiento -- Cap.18. Contrato de obra o empresa -- Cap.19. Del mandato -- Cap.20. Comodato o préstamo de uso -- Cap.21. Contrato de mutuo o préstamo de consumo -- Cap.22. De los contratos aleatorios -- Cap.23. Del deposito y del secuestro -- Cap.24. Los contratos accesorios -- Cap.25. Del contrato de hipoteca -- Cap.26. Del contrato de prenda -- Cap.27. Prenda agraria e industrial y comercial
521 ## - TARGET AUDIENCE NOTE
Target audience note AREA PROFESIONAL
590 ## - LOCAL NOTE (RLIN)
Local note Programa de Derecho_18
650 ## - SUBJECT ADDED ENTRY--TOPICAL TERM
Topical term or geographic name entry element Contratos
9 (RLIN) 8146
650 ## - SUBJECT ADDED ENTRY--TOPICAL TERM
Topical term or geographic name entry element Derecho civil
9 (RLIN) 8228
942 ## - ADDED ENTRY ELEMENTS (KOHA)
Koha item type Libros
Classification part 346.02
Item part C268c
Source of classification or shelving scheme Dewey Decimal Classification
Suppress in OPAC No
Existencias
Withdrawn status Lost status Damaged status Not for loan Collection Home library Current library Shelving location Date acquired Inventory number Total checkouts Full call number Barcode Date last seen Date last checked out Copy number Price effective from Koha item type
          Miguel Henríquez Castañeda Barranquilla Miguel Henríquez Castañeda Barranquilla General 05/23/2018 02527 3 346.02 C268c 02527 11/18/2024 11/15/2024 ej.1 07/23/2019 Libros